000 00683nam a2200205 i 4500
001 180874
003 ES-MaACL
005 20250804062801.0
008 120727s1907 fr |||| | fre d
100 0 _aHöffding, Harald.
_963936
245 1 0 _aPhilosophes contemporains /
_cpar Harald Hoffding ; traduit de l'allemand par A. Tremesaygues.
260 _aParis :
_bFelix Alcan,
_c1907.
300 _a208 p. ;
_c22 cm.
490 1 _aBibliotheque de philosophie contemporaine
650 0 7 _aFilosofía
_2embne
_912802
700 0 _aTremesaygues, A.
_9111303
830 0 _aBibliotheque de philosophie contemporaine
_9181027
852 _aES-MaACL
_jB-6600
999 _c180874
_d180874